| 000 | 00736nac a22001931u 4500 | ||
|---|---|---|---|
| 008 | 091208t2003 enk||||| |||| 001 0 eng d | ||
| 020 | _a0443071373 | ||
| 082 |
_a615.1 _bCLI _222 |
||
| 245 |
_aClinical Pharmacy and Therapeutics / _cEdited by Roger Walker and Clive Edwards |
||
| 250 | _a3rd ed. | ||
| 260 |
_aEdinburgh: _bChurchill Livingstone, _c2003 |
||
| 300 |
_a937 p. : _b ill. ; _c27 cm. |
||
| 650 |
_aChemotherapy. _99779 |
||
| 650 |
_aPharmacology. _99780 |
||
| 650 |
_aPharmacy. _99781 |
||
| 700 |
_aEdwards, Clive, _d1944- _99782 |
||
| 942 |
_cBB _k615.1CLI _2ddc |
||
| 999 |
_c1625 _d1625 |
||